[Event "Corus-B"]
[Site "Wijk aan Zee"]
[Date "2001.01.16"]
[Round "1"]
[White "De Vreugt, Dennis"]
[Black "Gulko, Boris F"]
[Result "0-1"]
[WhiteElo "2452"]
[BlackElo "2622"]
[Annotator "Gofshtein,L"]
[PlyCount "128"]
[EventDate "2001.01.13"]
[EventType "tourn"]
[EventRounds "11"]
[EventCountry "NED"]
[EventCategory "10"]
[SourceTitle "CBM 081"]
[Source "ChessBase"]
[SourceDate "2001.03.20"]
[SourceVersion "1"]
[SourceVersionDate "2001.03.20"]
[SourceQuality "1"]

1. e4 c5 2. Nf3 Nc6 3. d4 cxd4 4. Nxd4 Nf6 5. Nc3 d6 6. Bc4 Qb6 7. Nde2 e6 8.
Bb3 Be7 9. Ng3 $6 $146 (9. Bg5 $2 Ng4 10. Bxe7 Qxf2+ 11. Kd2 Kxe7 $19 {1/2-1/2
Velimirovic,D-Popovic,P/Zenica 1989/EXT 97 (46)}) (9. Be3 {-mainline} Qc7 10.
f4 (10. f3 a6 11. O-O (11. Qd2 b5 12. O-O-O Na5 13. g4 O-O 14. h4 Nd7 15. Nd4
Nb6 $132 {1/2-1/2 Ludena,S-Quinones,C/Cuzco 1999/EXT 2000 (58)}) 11... Na5 12.
Qd3 O-O 13. Rad1 b5 $36 {0-1 Haag,E-Csom,I/HUN-ch 1968/MCD (41)}) (10. Nf4 a6
11. g4 h6 12. Qe2 b5 13. O-O-O Ne5 (13... Na5 14. f3 Nxb3+ 15. axb3 Bb7 16. h4
Nd7 17. g5 $36 {1-0 Alekseev,A-Riegler,P/Stockerau 1991/EXT 97 (37)}) 14. f3 g5
15. Ng2 Bd7 16. h4 Rg8 17. hxg5 hxg5 18. Rh3 Qa5 19. Qd2 b4 $132 {0-1 Ilincic,
Z-Damljanovic,B/Kladovo 1990/CBM 17 (49)}) 10... a6 11. Ng3 b5 12. Nh5 O-O 13.
O-O b4 14. Nxf6+ Bxf6 15. Na4 Rb8 $132 {0-1 Van Wijngaarden,F-Ostojic,P/
Beverwijk 1967/EXT 99 (35)}) (9. Nf4 a6 10. g4 h6 11. h4 Na5 12. Qf3 Nxb3 13.
axb3 Nd7 14. Nh5 Rg8 15. g5 $36 {1-0 Alekseev,A-Banas,J/Gyor 1990/EXT 97 (35)})
(9. Qd3 O-O 10. f4 Bd7 11. Qf3 Na5 12. e5 Bc6 13. Be3 Qd8 (13... Bxf3 $5 14.
Bxb6 Nxb3 15. axb3 Bxe2 16. exf6 Bxf6 $17) 14. exf6 Bxf3 15. fxe7 Qxe7 16. gxf3
Qh4+ 17. Ng3 d5 $17 {1-0 Velimirovic,D-Komljenovic,D/Umag 1972/MCD (40)}) (9.
Bf4 O-O 10. Qd2 a6 11. f3 Qc7 12. g4 Ne5 13. Qe3 b5 14. a4 b4 15. Na2 a5 $132 {
1-0 Santo Roman,M-Radziejewski,D/Groningen 1979/EXT 99 (63)}) 9... h5 $5 {
[%csl Rg3][%cal Gh5h4] Standard move shows vulnerability of Ng3.} 10. Be3 Qa5
11. f3 Bd7 12. Qd2 Ne5 13. O-O Rc8 {Black starts counterplay on the queenside.}
14. Qf2 {[%csl Ra7][%cal Ge3a7]} b6 15. Rad1 Nc4 16. Bxc4 {Unaccuracy} ({
Can be recommended} 16. Bc1 $5 d5 17. exd5 (17. Bxc4 Rxc4 18. exd5 exd5 19.
Rfe1 $14)) 16... Rxc4 17. Rd3 O-O 18. Rfd1 Rfc8 19. a3 Be8 {Both of sides
implementing manoeuvres in their camps. Pd6 is weak, but Black has pair of BB.}
(19... Bc6) 20. Bd2 Qa6 21. Bg5 Qa5 22. Qd2 ({Worth of attention} 22. h4 $5)
22... Qc5+ 23. Be3 Qa5 24. Bf4 h4 25. Nge2 h3 {White PP chain destroy attempt.}
26. Bxd6 (26. b3 R4c6 27. b4 Qh5 28. g4 Qg6 $132) 26... Bxd6 27. Rxd6 Qc5+ 28.
Kf1 hxg2+ 29. Kxg2 Nd5 $8 {Black initiates complications which lead to
dangerous position for him.} 30. Nxd5 Rxc2 31. b4 $1 (31. Ne7+ Kf8 32. Nxc8
Rxd2 33. R1xd2 Qxc8) 31... Qc4 (31... Rxd2 32. bxc5 Rxe2+ 33. Kf1 $18) 32. Ne7+
Kf8 33. Nxc8 Rxd2 34. R6xd2 Qxc8 35. Rc1 Qa6 36. Rc7 $5 g6 (36... Qxa3 $140 $2
37. Rd8 $1 Qxb4 38. Rcc8 Qb5 (38... Qe7 39. Nd4) 39. Nd4 $36) 37. Nf4 $2 ({
Strong was} 37. Kf2 $1 {and White wins:} b5 38. e5 Qxa3 39. Rd8 Qxb4 40. Rcc8
Qe7 41. Nd4 b4 42. Ke2 a5 43. Nb5 $18) 37... Qxa3 38. Rd8 $2 ({Necessary was} 
38. Kf2 $1 Qxb4 39. Rd8 g5 40. Ne2 a5 41. Rcc8 Qa4 42. Ke3 $36) 38... Qb2+ 39.
Kg3 Qe5 $17 40. Rcc8 Qg5+ 41. Kh3 Qxf4 $17 42. Rxe8+ Kg7 43. Rc3 Qd2 (43...
Qh6+ 44. Kg3 Qg5+ 45. Kh3 Qb5 $19) 44. Ra3 Qf2 (44... Qh6+) 45. Re7 (45. Ra8 g5
46. R8xa7 Kg6) 45... g5 (45... a5 $5 46. Rd7 (46. bxa5 Qc5 $19 47. Rb3 Qxe7 48.
axb6 Qb7) 46... axb4 $19) 46. Rexa7 Kg6 ({Immediately wins} 46... Kh6 $1 47.
Rxf7 (47. Ra8 f5 48. exf5 exf5 49. Rg8) 47... g4+ 48. Kxg4 Qg2+ 49. Kf4 Qg5#)
47. Ra8 f5 {Here Q is stronger than pair of RR.} 48. Rg8+ Kh6 49. exf5 exf5 50.
b5 Kh5 51. Rh8+ Kg6 52. Rg8+ Kh6 53. Rh8+ Kg7 54. Rha8 Qf1+ 55. Kg3 Qg1+ 56.
Kh3 Qf1+ 57. Kg3 Qg1+ 58. Kh3 g4+ $19 59. Kh4 gxf3 60. h3 (60. R3a7+ Kf6 61.
Rf8+ Ke5 $19) 60... Qe1+ 61. Kg5 (61. Kh5 f2 62. R3a7+ Kf6 63. Rf8+ Ke5) 61...
Qe7+ 62. Kh5 Qf7+ 63. Kg5 f2 64. Rf3 (64. Ra1 Qg6+ 65. Kf4 Qg2 $19) 64... Qe7+
0-1

[Event "CZE-ch"]
[Site "Zlin"]
[Date "1998.06.18"]
[Round "6"]
[White "Gross, David"]
[Black "Cvek, Robert"]
[Result "1/2-1/2"]
[WhiteElo "2425"]
[BlackElo "2405"]
[Annotator "Gofshtein,L"]
[PlyCount "41"]
[EventDate "1998.06.13"]
[EventType "tourn"]
[EventRounds "11"]
[EventCountry "CZE"]
[EventCategory "9"]
[SourceTitle "CBM 066"]
[Source "ChessBase"]
[SourceDate "1998.09.30"]
[SourceVersion "1"]
[SourceVersionDate "1998.09.30"]
[SourceQuality "1"]

1. e4 {Tyomkin,D} c5 2. Nf3 Nc6 3. d4 cxd4 4. Nxd4 Nf6 5. Nc3 d6 6. Bc4 Qb6 7.
Nxc6 bxc6 8. O-O e6 9. b3 Be7 10. Bb2 O-O 11. Qe2 Nd7 (11... Qa5 12. Na4 d5 13.
e5 Nd7 14. Bd3 Nb6 15. Bc3 Bb4 16. Bxb4 Qxb4 17. c3 Qa3 18. Nb2 Bb7 19. c4 Rfd8
20. Rac1 dxc4 21. Nxc4 Nxc4 22. Bxc4 Rd4 $11 {De Vreugt,D-Van der Wiel,J/
Amsterdam m1 1996/1/2-1/2(40)}) (11... e5 12. Kh1 Nd7 (12... Bg4 $6 13. f3 Bh5
$6 14. Bd3 Nd7 15. Na4 Qc7 16. c4 c5 17. Qf2 Nb8 18. Nc3 $14 {Akhmadeev,
V-Mukhametov,E/RUS-chT 1994/1-0(33)}) (12... Qc7 13. Rae1 Nd7 14. Na4 Bb7 15.
Bd3 Rfe8 16. c4 Bg5 17. Qc2 h6 18. b4 $14 {Karpov,A-Stein,L/URS-ch39 1971/1-0 
(47)}) 13. Nd1 Bg5 14. a4 Qc7 15. a5 Nc5 16. Ba3 Ne6 $11 {Kosc,R-Popovic,P/
Velden op 1993/0-1(40)}) 12. Na4 (12. Rad1 Ne5 $6 13. Na4 Qc7 14. Bxe5 dxe5 15.
Rd3 Rd8 16. Rfd1 Bd7 17. Qe3 $14 {Chigvintsev,A-Pres,G/RUS-sf 1995/1-0 (55)})
12... Qc7 (12... Qa5 13. Bc3 Qd8 14. Rad1 Bb7 15. Kh1 d5 16. Bd3 Re8 17. f4 Qc7
18. Rf3 g6 19. Rh3 $40 {Salov,S-Kiselev,S/Moscow Tal 1992/0-1(38)}) 13. f4 Bb7
$146 (13... Nb6 14. Nxb6 axb6 15. a4 Kh8 16. Rae1 f6 17. Rf3 e5 18. f5 d5 19.
Bd3 Bd7 $14 {Egorov,E-Lopushnoy,D/RUS-Cup3 1996/1-0(27)}) 14. Rae1 Rad8 15. Rf3
{White position is slightly better,but there is only one problem-how to
improve position of whites knight a4. Deserved attention Bd3 and then c4 with
better chanses.} Rfe8 16. Rh3 Nf8 17. Qh5 d5 18. Bd3 g6 (18... d4 $5 19. Bc1 c5
20. Nb2 $14 {[%cal Gb2c4]}) 19. Qh6 d4 20. Rf1 c5 21. Bc1 (21. Bc1 f5 22. e5
Qc6 23. Rff3 $14 {[%cal Gf3g3]}) (21. f5 $5 exf5 22. exf5 $36) 1/2-1/2

[Event "Villa Martelli"]
[Site "Villa Martelli"]
[Date "1998.05.27"]
[Round "8"]
[White "Milos, Gilberto"]
[Black "Scarella, Enrique Alejandro"]
[Result "1/2-1/2"]
[WhiteElo "2555"]
[BlackElo "2380"]
[Annotator "Gofshtein,L"]
[PlyCount "60"]
[EventDate "1998.05.??"]
[EventType "tourn"]
[EventRounds "9"]
[EventCountry "ARG"]
[EventCategory "9"]
[SourceTitle "CBM 065"]
[Source "ChessBase"]
[SourceDate "1998.08.06"]
[SourceVersion "1"]
[SourceVersionDate "1998.08.06"]
[SourceQuality "1"]

{[%mdl 2344]} 1. e4 c5 2. Nf3 Nc6 3. d4 cxd4 4. Nxd4 Nf6 5. Nc3 d6 6. Bc4 Bd7
7. O-O g6 8. Nb3 (8. Re1 Bg7 9. h3 (9. Bb3 O-O 10. Bg5 Rc8 11. Qd2 Re8 12. Rad1
Ne5 13. Qe2 a6 14. a4 Qa5 15. h3 Nc6 16. Nf3 $14 {/= Mirumian,V-Ibragimov,I/
Moscow op 1995/1/2-1/2 (60)}) 9... O-O 10. Bg5 Nxd4 11. Qxd4 h6 12. Bxf6 Bxf6
13. Qd3 Rc8 14. e5 Bxe5 (14... Bf5 15. exf6 Bxd3 16. fxe7 Bxc4 17. exd8=Q Rfxd8
18. Re7) 15. Rxe5 Rxc4 16. Qxc4 dxe5 17. Rd1 $36 {Kengis,E-Kupreichik,V/
Karsten Kold op 1997/1-0(37)}) (8. Nd5 $5 Bg7 (8... Nxe4 9. Re1 $44) 9. Nxc6
Bxc6 $2 (9... bxc6 $142) 10. Bg5 e6 11. Nxf6+ Bxf6 12. Bxf6 Qxf6 13. Qxd6 Rd8
14. Qa3 $16 {1-0 Conquest,S-Dobos,J/Hastings op9495 1995 (33)}) 8... Bg7 9. Re1
O-O 10. Bg5 a5 $5 $146 (10... Rc8 11. Bf1 Be6 $6 12. Nd5 Nd7 13. c3 Re8 14. Qd2
Nce5 15. Rad1 Nc4 16. Qc1 Nf8 $6 17. Bxc4 Rxc4 18. e5 $1 $16 {Komora,A-Cernin,
R/Moravka opJ 1994/1-0(33)}) 11. a4 (11. Nd5 Nxd5 12. exd5 Ne5 13. Bf1 a4 14.
Nd4 h6 15. Bh4 Qb6 $1 16. Rb1 e6 $132) 11... Nb4 12. Nd4 (12. Nd5 Nfxd5 $1 13.
exd5 Bxb2 14. Bxe7 Qc7 15. Rb1 (15. Bxf8 Bxa1 (15... Rxf8 $6 16. Rb1 Bc3 17.
Re7 $1 Bf6 18. Rxd7 Qxd7 19. Nxa5 Qxa4 20. Nxb7 $16) (15... Kxf8 $5 16. Rb1 Bc3
17. Re4 Bf5 $15) 16. Bxd6 Qxd6 17. Nxa1 Bxa4 $15 {[%csl Ra1]}) 15... Bc3 16.
Bxf8 Kxf8 $5 (16... Bxe1 17. Qxe1 Qxc4 18. Bxd6 Nxd5 (18... Qxd5 19. Rd1 Nxc2
20. Rxd5 Nxe1 21. Rxa5 $11) 19. Nxa5 Qxa4 20. Nxb7 Qxc2 21. Nc5 $11) 17. Re4
Bf5 $15) 12... Ng4 {[%cal Gd8b6]} 13. Ndb5 (13. Nd5 $6 Nxd5 14. exd5 Qb6 15.
Re4 $8 f5 $1 (15... Bf5 16. Rf4 Be5 17. Nxf5 gxf5 18. Rxf5 $14) 16. Rxe7 (16.
Rf4 Be5 $17) 16... Bxd4 17. Rxd7 Bxf2+ 18. Kh1 Bc5 19. Bh4 Ne5 $19 {[%cal
Re5d7,Re5c4]}) 13... Qb6 14. Qd2 Qc5 {[%csl Rg5][%cal Gb4c2]} 15. Bb3 Qe5 16.
Bf4 {[%tqu "En","","","","g7h6","",10]} Bh6 $5 17. Bxe5 Bxd2 18. Re2 Bh6 (18...
Nxe5 19. Rxd2 $14 {[%cal Gf2f4,Gc3d5]}) 19. Bd4 Bg7 20. Bxg7 Kxg7 21. Nc7 $5
Rad8 22. Rd1 (22. N7d5 Nxd5 23. exd5 {[%csl Re7]} (23. Nxd5 $5 e6 24. Nc3 Bc6
25. Rd1 $14 {[%cal Ge2d2,Gf2f3]}) 23... Rfe8 24. Rae1 Kf8 25. f3 Nf6 26. g4 $14
) 22... Bc6 23. f3 Ne5 24. Kf2 Rc8 25. N7b5 $6 (25. N7d5 $5 Rfe8 $6 26. Nxb4
axb4 27. Nd5 Bxd5 28. exd5 $16 {[%csl Rb4][%cal Ge2e4]}) 25... g5 $1 $132 {
[%csl Ge5] The absence of visible weaknesses and good position of knight e5
gives to black enought counterchances.} 26. Nd4 Bd7 27. Ncb5 Na6 {[%cal Ga6c5]}
28. Nc3 Nb4 (28... Nc5 29. Nd5 $36 {[%cal Gd5e7,Gd5b6]}) 29. Nb1 {[%cal Gc2c3]}
Na6 30. Nc3 Nb4 1/2-1/2

[Event "YUG-ch53"]
[Site "Belgrade "]
[Date "1998.03.20"]
[Round "7"]
[White "Knezevic, Bojan"]
[Black "Damljanovic, Branko"]
[Result "1/2-1/2"]
[WhiteElo "2420"]
[BlackElo "2540"]
[Annotator "Gofshtein,L"]
[PlyCount "86"]
[EventDate "1998.03.14"]
[EventType "tourn"]
[EventRounds "15"]
[EventCountry "YUG"]
[EventCategory "10"]
[SourceTitle "CBM 064"]
[Source "ChessBase"]
[SourceDate "1998.06.02"]
[SourceVersion "1"]
[SourceVersionDate "1998.06.02"]
[SourceQuality "1"]

1. e4 c5 2. Nf3 Nc6 3. Nc3 d6 4. d4 cxd4 5. Nxd4 Nf6 6. Bc4 Qb6 7. Nxc6 bxc6 8.
O-O e6 9. Qe2 (9. Bf4 Qxb2 (9... Qc7 $5 10. Qe2 e5 11. Bg5 Be7 $11) 10. Qd3 Qb4
11. Rab1 Qc5 12. Rfd1 e5 13. Bg5 $44 {Fisher-R.Birn New-York 1971}) (9. b3 Be7
10. Bb2 O-O 11. Qe2 e5 12. Kh1 Qc7 13. Rae1 Nd7 14. Na4 Bb7 15. Bd3 Rfe8 16. c4
$14 {Karpov-Stein USSR 1971}) 9... Be7 (9... Nd7 10. b3 Be7 11. Bb2 O-O 12. Na4
Qc7 13. f4 Bb7 14. Rad1 $14 {Topalov-Kramnik Novgorod 1996}) 10. e5 dxe5 11.
Qxe5 O-O 12. Qe2 $146 (12. Na4 Qb4 13. b3 Nd5 14. Qe2 Bf6 15. Bd2 Qe7 16. Rad1
Nb6 $11 {Sutovskij-Gross Bbrazil,1995}) (12. Bb3 $2 Ba6 13. Re1 c5 14. Na4 Qc6
15. c4 Bxc4 $17 {LeyvaR-Franko Z,Havana1997}) 12... Bb7 13. b3 Rad8 14. Bb2 c5
$11 {black finished development,and they dont have any problem} 15. Rad1 Qc6
16. f3 h5 {black try to found posibility  anything play,but this game go to
draw} (16... h6) 17. Rxd8 Rxd8 18. Rd1 Rxd1+ 19. Nxd1 h4 {With idea h4-h3,and
in the case Nf6-h5-f4} 20. Nf2 Qc7 21. Nd3 Nd5 (21... h3 $6 22. gxh3 Nh5 23.
Qe5 $1 Qxe5 24. Bxe5 $1 (24. Nxe5 Nf4 $13) 24... Bxf3 25. Bb8 $16) 22. Bxd5 $6
(22. Qe5 Qxe5 23. Nxe5 (23. Bxe5 Ne3 24. Bb8 Nxc4 25. bxc4 Ba6 26. Bxa7 Bxc4
27. Bxc5 Bxc5+ 28. Nxc5 Bxa2 $11) 23... Nb4 (23... Bf6 24. Nd3 Bxb2 25. Nxb2
Nb4 26. Na4 $14) 24. c3 Nd5 (24... Nxa2 $6 25. Kf2 {black have problem with
knight} (25. b4 Bd5 26. Bxd5 exd5 27. Nc6 $13)) 25. Kf2 $11) 22... exd5 $15 23.
Qe5 Qxe5 24. Nxe5 h3 $6 (24... Bd6 $5 $15) 25. gxh3 Bd6 26. Kg2 f6 27. Nd3 c4
28. Ne1 Bc5 29. c3 Bc8 30. Nc2 Bf5 31. b4 Bb6 32. Nd4 Bd7 (32... Bxd4 33. cxd4
$11) 33. Bc1 Bxd4 34. cxd4 Kf7 35. h4 c3 (35... Kg6 36. Bd2) 36. h5 a6 37. Kg3
Bb5 38. h4 Bd7 39. Bf4 Be8 40. h6 gxh6 41. Bxh6 Kg6 42. Bc1 Kh5 43. Be3 Bd7
1/2-1/2

[Event "YUG-ch53"]
[Site "Belgrade "]
[Date "1998.03.17"]
[Round "4"]
[White "Kovacevic, Aleksandar"]
[Black "Knezevic, Bojan"]
[Result "1/2-1/2"]
[WhiteElo "2515"]
[BlackElo "2420"]
[Annotator "Gofshtein,L"]
[PlyCount "70"]
[EventDate "1998.03.14"]
[EventType "tourn"]
[EventRounds "15"]
[EventCountry "YUG"]
[EventCategory "10"]
[SourceTitle "CBM 064"]
[Source "ChessBase"]
[SourceDate "1998.06.02"]
[SourceVersion "1"]
[SourceVersionDate "1998.06.02"]
[SourceQuality "1"]

1. e4 c5 2. Nf3 Nc6 3. d4 cxd4 4. Nxd4 Nf6 5. Nc3 d6 6. Bc4 Qb6 7. Nxc6 bxc6 8.
O-O g6 9. Bd3 (9. e5) (9. Qe2) (9. Be3) 9... Bg7 10. Na4 Qc7 11. f4 O-O 12. c4
e5 $5 (12... Rb8 13. Qe2 Nd7 14. Be3 Qa5 15. Qc2 Rb4 16. Nc3 Rxb2 17. Qxb2 Bxc3
18. Qf2 Bxa1 19. Rxa1 Nc5 20. Qc2 Ba6 $17 {Gara-Jovanovich Budapest 1996}) (
12... c5 13. Nc3 $14) 13. f5 $5 (13. h3 exf4 14. Bxf4 Nh5 15. Bh2 Bd4+ 16. Kh1
Be5 $15) (13. fxe5 Ng4 $1 14. exd6 Qxd6 15. g3 (15. Bf4 Qd4+ 16. Kh1 Nf2+ $17)
15... Qd4+ 16. Kg2 Ne5 $17) (13. Nc3 exf4 $132 14. Bxf4) (13. Kh1 $5) 13... d5
$5 $146 (13... Bb7 14. Be3 Kh8 15. Rc1 gxf5 16. Rxf5 $16 {Velimirovich-Chom,
Moskow 1996}) 14. fxg6 $2 (14. g4 $13) (14. Bg5 $13) 14... hxg6 15. cxd5 (15.
Nc3 d4 $15) 15... cxd5 $15 16. exd5 (16. Nc3) 16... Bg4 $6 (16... Bb7 $5 17.
Nc3 Nxd5 18. Nxd5 Bxd5 $15 19. Bxg6 $2 Qc5+ $19) (16... Nxd5 $2 17. Bxg6) 17.
Qb3 (17. Be2 Bxe2 18. Qxe2 Nxd5 $15) (17. Qe1 $5 Nxd5 18. Be4 Rad8 19. Bg5 $132
) 17... Rab8 18. Qc4 Qd7 (18... Qa5 19. Nc3 $13) 19. Nc5 (19. Nc3 Rfc8 $17)
19... Qxd5 20. h3 Rbc8 21. Be3 (21. Qxd5 Nxd5 22. hxg4 Rxc5 $15) 21... Bf5 (
21... Be6 22. Qc2) 22. Be2 $11 Be6 23. Qb4 $6 (23. Qc2 Bf5 24. Qc4 $11) (23.
Rac1) 23... Qc6 $1 24. Nxe6 (24. Bb5 Qb6) (24. Bf3 Bd5) 24... Nd5 25. Qh4 $2 (
25. Qe4 f5 $36) (25. Qd2 Nxe3 26. Qxe3 Qxe6 27. Qxa7 e4 $1) 25... Nxe3 (25...
Qxe6 $5 26. Bxa7 e4 $5 $36) 26. Rf3 $8 Nxg2 $6 (26... Qxe6 27. Rxe3 Qb6 28. Qf2
Qxb2 29. Rd1 Qxa2 $19) 27. Qg4 $1 (27. Kxg2 Qxe6 $19) 27... Nf4 (27... Qxe6 28.
Qxe6 fxe6 29. Kxg2 $17) 28. Nxf4 (28. Nxf8 $2 Nxe2+ 29. Kf2 Nd4 30. Rc3 Qf6+
$19) 28... exf4 29. Rxf4 (29. Qxf4 Qb6+ $19) 29... Qb6+ (29... Bxb2 $5 30. Raf1
Be5 $17) 30. Kh1 Rc2 (30... Qxb2 31. Raf1 Qxa2 (31... Rc7 32. Bc4 $132) 32.
Rxf7 (32. Bc4 $2 Rxc4 33. Rxc4 Be5 $19) 32... Rxf7 33. Qxc8+ Kh7 $15) (30...
Be5 $5 31. Rff1 Qxb2 $19) 31. Raf1 $6 Qxb2 $6 (31... Be5 32. Rb4 Qc6+ 33. Qf3 (
33. Kg1 Bxb2 $17) (33. Bf3 Rh2+ 34. Kg1 Qc5+ $19) (33. Qe4 Qxe4+ 34. Rxe4 Bxb2
35. Re7 Bd4 $15) 33... Qxf3+ 34. Bxf3 Rd8 $36) 32. Bc4 $1 Qb7+ $11 {Last
chance play for win was 33...RC4} 33. R1f3 Qb1+ 34. Rf1 Qb7+ 35. R1f3 Qb1+
1/2-1/2

[Event "YUG-ch53"]
[Site "Belgrade "]
[Date "1998.03.23"]
[Round "10"]
[White "Kovacevic, Aleksandar"]
[Black "Damljanovic, Branko"]
[Result "0-1"]
[WhiteElo "2515"]
[BlackElo "2540"]
[Annotator "Gofshtein,L"]
[PlyCount "150"]
[EventDate "1998.03.14"]
[EventType "tourn"]
[EventRounds "15"]
[EventCountry "YUG"]
[EventCategory "10"]
[SourceTitle "CBM 064"]
[Source "ChessBase"]
[SourceDate "1998.06.02"]
[SourceVersion "1"]
[SourceVersionDate "1998.06.02"]
[SourceQuality "1"]

1. e4 c5 2. Nf3 Nc6 3. d4 cxd4 4. Nxd4 Nf6 5. Nc3 d6 6. Bc4 Qb6 7. Nxc6 bxc6 8.
O-O g6 9. e5 (9. Qe2) (9. Bd3) (9. Be3) 9... dxe5 10. Qe2 Qd4 $1 (10... Qc7 11.
f4 $1 e4 12. Nxe4 Bg7 $14) 11. Be3 Qd6 $1 (11... Qh4 $6 12. f4 $1 $36) 12. Rad1
(12. f4 Bg7 13. Rad1 Bg4 $1) 12... Qc7 13. f4 (13. Bc5 $5 Bg7 14. Rfe1 O-O 15.
Qxe5 Qxe5 16. Rxe5 Nd7 17. Rxd7 $13) 13... Bg4 14. Qf2 e4 (14... Bxd1 15. fxe5
$36) 15. Rde1 Bg7 $6 (15... Bf5 $1 16. h3 h5 17. Bd4 Bg7 18. b3 (18. Bxf6 Bxf6
19. Nxe4 Bxe4 20. Rxe4 Qb6 $11) 18... O-O 19. Bxf6 Bxf6 20. Nxe4 Bxe4 21. Rxe4
Qb6 $11 {Topalov-Kramnik,1997 Novgorod}) 16. Bd4 $6 (16. h3 Bf5 (16... Bc8 17.
Bc5 $16) 17. g4 Bc8 18. Bc5 $16) 16... Bf5 17. h3 h5 18. Bxf6 (18. b3 $142 $11
{Topalov-Kramnik ,Novgorod 1997}) 18... Bxf6 19. Nxe4 Bxe4 (19... Bxb2 $13) 20.
Rxe4 Qb6 $11 (20... Bxb2 $6 21. f5 $1 Qb6 (21... g5 22. f6 $36) 22. fxg6 $36)
21. b3 $6 (21. c3 $5) 21... h4 $1 $15 22. Kh2 $6 (22. Rd1 $142) 22... Qxf2 23.
Rxf2 Rd8 $5 24. f5 $6 gxf5 25. Rxf5 Rh6 26. Bd3 (26. Ra5 Bd4) 26... Rd5 $5 27.
Rf3 (27. Rxd5 cxd5 28. Ra4 Be5+ 29. Kh1 Bb8 $36) 27... e6 28. Kg1 Bd4+ 29. Kf1
f5 30. Re2 Kd7 31. Bc4 Rd6 32. Bd3 Bb6 33. Rd2 Ke7 34. Rd1 Kf6 35. Ke2 Rd5 36.
Rf4 Rd8 37. Rc4 Rg8 38. Kf1 c5 39. Be2 Ke7 40. Rc3 Rd8 41. Rxd8 Kxd8 42. Bb5
Ke7 43. Rd3 Rh8 44. Rd7+ Kf6 45. Bc4 e5 46. Rf7+ Kg6 47. Re7 e4 48. Bd5 Kf6 49.
Re6+ Kg5 50. c4 Rh7 51. Rd6 Ba5 52. Bc6 Bb4 53. Rd5 Kf4 54. Bd7 Rh5 55. Bc8 a5
56. Bd7 Rg5 57. Bc8 e3 58. Bd7 Ba3 59. Bc6 $2 (59. Bc8 $142 {One of the
critical moment in the game ,black coudnt impruve his pozition after 59.Bc8,it
doesnot clear why white refuse from controle diagonale c8-h3} e2+ 60. Kxe2
Rxg2+ 61. Kf1 Rxa2 62. Rxf5+ Ke3 63. Bb7 $11) 59... e2+ 60. Kxe2 Rxg2+ 61. Kf1
Rxa2 62. Bd7 Rb2 63. Rxf5+ Ke4 (63... Kg3 64. Rg5+) 64. Rh5 Rxb3 65. Rxh4+ Ke3
66. Rg4 $2 {bad pothision for rook ,why white didnot play 66.Rh8} (66. Rh8 $5)
66... Rb1+ 67. Kg2 Rb2+ 68. Kh1 $6 {It doez not clear why king go to the corner
} (68. Kf1 $142) 68... Bb4 69. h4 $2 {Probably,this is last mistake in the
game,after 69.Rg8 white have good chance for draw} Rd2 $1 70. Bb5 Rd4 $1 $19
71. Rxd4 $2 (71. Rg3+ Kf2 72. Rg2+ Kf3 73. h5 (73. Bc6+ Ke3) 73... Rh4+ 74. Rh2
Rxh2+ 75. Kxh2 Bd2 $1 76. Kh3 (76. Kg1 Bh6 77. Kf1 Ke3 78. Ke1 Kd3 79. Kd1 Kc3
$19) 76... Bh6 77. Kh4 Ke3 78. Kg4 Kd3 79. Kf5 Kc3 80. Ke4 Kb4 81. Kd5 Bf8 82.
Bd7 a4 $19) 71... Kxd4 72. Kg2 Kc3 73. Kf3 Kb3 74. Ke4 Bc3 75. Kd5 Bd4 0-1